Агрофизика: учебник

Бібліографічні деталі
Автор: Шеин Е. В. Евгений Викторович
Інші автори: Гончаров В. М. Владимир Михайлович
Резюме:Учебник содержит современные сведения о физических свойствах и процессах в почвах, физике приземного слоя атмосферы, основам продукционного процесса. Рассмотрены основные процессы формирования растительной биомассы, роли физических факторов в функционировании системы «почва-растение-атмосфера» . Учебник предназначен для студентов и специалистов в области экологии, агрономии, почвоведения, природопользования.
Мова:Російська
Опубліковано: Ростов-на-Дону, Феникс, 2006
Серія:Высшее образование
Предмети:
Формат: Книга
KOHA link:https://koha.lib.tpu.ru/cgi-bin/koha/opac-detail.pl?biblionumber=117223

MARC

LEADER 00000nam0a2200000 4500
001 117223
005 20231031123609.0
010 |a 5222077411 
035 |a (RuTPU)RU\TPU\book\126878 
090 |a 117223 
100 |a 20070531d2006 m y0rusy50 ca 
101 0 |a rus 
102 |a RU 
105 |a a j 001zy 
200 1 |a Агрофизика  |e учебник  |f Е. В. Шеин, В. М. Гончаров 
210 |a Ростов-на-Дону  |c Феникс  |d 2006 
215 |a 398 с.  |c ил. 
225 1 |a Высшее образование 
320 |a Библиография в конце глав. 
330 |a Учебник содержит современные сведения о физических свойствах и процессах в почвах, физике приземного слоя атмосферы, основам продукционного процесса. Рассмотрены основные процессы формирования растительной биомассы, роли физических факторов в функционировании системы «почва-растение-атмосфера» . Учебник предназначен для студентов и специалистов в области экологии, агрономии, почвоведения, природопользования. 
610 1 |a агрофизика 
610 1 |a почва 
610 1 |a твердые фазы 
610 1 |a влажность 
610 1 |a водные свойства 
610 1 |a растворимые вещества 
610 1 |a теплофизические свойства 
610 1 |a микроклиматология 
610 1 |a атмосфера 
610 1 |a приземный слой 
610 1 |a радиационный режим 
610 1 |a тепловой режим 
610 1 |a агрометеорологические характеристики 
610 1 |a температура 
610 1 |a растения 
610 1 |a фотосинтез 
610 1 |a дыхание 
610 1 |a влагообеспеченность 
610 1 |a минеральное питание 
610 1 |a свет 
610 1 |a продуктивность 
610 1 |a рост 
610 1 |a развитие 
610 1 |a формирование 
610 1 |a учебники 
675 |a 631(075.8)  |v 3 
700 1 |a Шеин  |b Е. В.  |g Евгений Викторович 
701 1 |a Гончаров  |b В. М.  |g Владимир Михайлович 
801 1 |a RU  |b 63413507  |c 20070531  |g PSBO 
801 2 |a RU  |b 63413507  |c 20180305  |g PSBO 
900 |a Почвоведение 
942 |c BK 
951 |a 510700  |b 020700  |b 020701